[Event "Treviso Lega Master op 2nd"]
[Site "Treviso"]
[Date "2018.04.03"]
[Round "3"]
[White "Gaion, Giancarlo"]
[Black "Sorbera, Giovanni"]
[Result "0-1"]
[WhiteElo "1899"]
[BlackElo "2208"]
[PlyCount "50"]
[EventDate "2018.03.02"]
[EventType "swiss"]
[EventRounds "5"]
[EventCountry "ITA"]
[SourceTitle "EXT 2022"]
[Source "ChessBase"]
[SourceDate "2021.10.06"]
[SourceVersion "1"]
[SourceVersionDate "2021.10.06"]
[SourceQuality "1"]

1. Nf3 d5 2. d4 Nf6 3. e3 g6 4. Nbd2 Bg7 5. Bd3 0-0 6. 0-0 c5 7. b3 cxd4 8. exd4 Nc6 9. a3 Nd7 10. Bb2 Qb6 11. c3 e5 12. dxe5 Ndxe5 13. Nxe5 Nxe5 14. Be2 Re8 15. c4 d4 16. Ne4 d3 17. Bxd3 Bf5 18. c5 Qc6 19. Nd6 Bxd3 20. Nxe8 Bxf1 21. Kxf1 Rxe8 22. Qc2 Qb5+ 23. Kg1 Qd3 24. Qc1 Qe2 25. Rb1 Nd3 0-1

[Event "Venice Autumn op-A 23rd"]
[Site "Venice S Leonardo"]
[Date "2016.10.30"]
[Round "3.2"]
[White "Longo, Massimo"]
[Black "Gaion, Giancarlo"]
[Result "0-1"]
[WhiteElo "1818"]
[BlackElo "1906"]
[PlyCount "90"]
[EventDate "2016.10.29"]
[EventType "swiss"]
[EventRounds "6"]
[EventCountry "ITA"]
[SourceTitle "EXT 2023"]
[Source "ChessBase"]
[SourceDate "2022.10.05"]
[SourceVersion "1"]
[SourceVersionDate "2022.10.05"]
[SourceQuality "1"]

1. d4 d5 2. c4 e6 3. Nc3 c6 4. Nf3 f5 5. g3 Nf6 6. Bg5 Be7 7. Bg2 Nbd7 8. Qc2 0-0 9. 0-0-0 Ne4 10. Bxe7 Qxe7 11. e3 b6 12. h3 Ba6 13. cxd5 cxd5 14. Ne5 Nxc3 15. bxc3 Nxe5 16. dxe5 Rac8 17. Kb2 Rc5 18. Rd4 Rfc8 19. Rc1 Bc4 20. Bf1 Bxf1 21. Rxf1 Rxc3 22. Qxc3 Rxc3 23. Kxc3 Qa3+ 24. Kd2 Qxa2+ 25. Ke1 a5 26. Rd2 Qa1+ 27. Ke2 Qc3 28. Rb1 Qc4+ 29. Ke1 b5 30. Rd4 Qc3+ 31. Kd1 b4 32. Rc1 Qb3+ 33. Kd2 a4 34. Rd3 Qb2+ 35. Rc2 Qxe5 36. Rd4 b3 37. Rc8+ Kf7 38. Kc3 g5 39. Kd3 a3 40. Kc3 b2 41. Kc2 Qd6 42. Ra4 Qb6 43. Kb1 Qb3 44. Ra7+ Kf6 45. Rc2 Qd3 0-1

[Event "Venice Province-ch 71st"]
[Site "Venice Mestre"]
[Date "2011.11.16"]
[Round "5"]
[White "Fracasso Pezzolato, Michele"]
[Black "Gaion, Giancarlo"]
[Result "1-0"]
[WhiteElo "1825"]
[BlackElo "1914"]
[PlyCount "53"]
[EventDate "2011.01.14"]
[EventType "swiss"]
[EventRounds "5"]
[EventCountry "ITA"]
[SourceTitle "EXT 2022"]
[Source "ChessBase"]
[SourceDate "2021.10.06"]
[SourceVersion "1"]
[SourceVersionDate "2021.10.06"]
[SourceQuality "1"]

1. e4 e6 2. d4 d5 3. e5 c5 4. c3 Ne7 5. a3 Nec6 6. b4 cxd4 7. cxd4 Be7 8. Nf3 Nd7 9. Bd3 0-0 10. Nc3 a6 11. Ne2 f6 12. Nf4 Nb6 13. 0-0 Bd7 14. exf6 Bxf6 15. Qc2 Ne7 16. Bxh7+ Kh8 17. Ng6+ Nxg6 18. Bxg6 Be8 19. Re1 Bxg6 20. Qxg6 Qd7 21. Ne5 Bxe5 22. Rxe5 Rf6 23. Rh5+ Kg8 24. Qh7+ Kf7 25. Bh6 Rg6 26. Rh3 e5 27. Rf3+ 1-0

[Event "Venice Province-ch 71st"]
[Site "Venice Mestre"]
[Date "2011.01.15"]
[Round "3"]
[White "Cecchetto, Vanni"]
[Black "Gaion, Giancarlo"]
[Result "0-1"]
[WhiteElo "1930"]
[BlackElo "1914"]
[PlyCount "108"]
[EventDate "2011.01.14"]
[EventType "swiss"]
[EventRounds "5"]
[EventCountry "ITA"]
[SourceTitle "EXT 2022"]
[Source "ChessBase"]
[SourceDate "2021.10.06"]
[SourceVersion "1"]
[SourceVersionDate "2021.10.06"]
[SourceQuality "1"]

1. d4 d5 2. Nf3 e6 3. e3 f5 4. c4 c6 5. c5 b6 6. Be2 bxc5 7. 0-0 Nf6 8. Nbd2 Ba6 9. Bxa6 Nxa6 10. Qa4 Qb6 11. Ne5 Rc8 12. Nb3 Bd6 13. dxc5 Nxc5 14. Nxc5 Qxc5 15. Nd3 Qb6 16. Bd2 0-0 17. Rac1 Ne4 18. Ba5 Qb5 19. Qxb5 cxb5 20. Nf4 Kf7 21. h3 Be5 22. Nd3 Bd6 23. Rcd1 Rc2 24. f3 Ng3 25. Rfe1 Rc6 26. Nb4 Rc4 27. Nxd5 exd5 28. Rxd5 Bb4 29. Bxb4 Rxb4 30. Kh2 Nh5 31. Rxf5+ Nf6 32. b3 Rd8 33. Rb1 Rd3 34. Rc5 Rxe3 35. Rbc1 a5 36. Rc7+ Re7 37. R7c5 Re2 38. Rc7+ Kg6 39. Ra7 Rxa2 40. Rcc7 Rxb3 41. Rxg7+ Kf5 42. Rac7 Re3 43. h4 b4 44. Rc5+ Ke6 45. Ra7 Rd3 46. Rcc7 Nd7 47. Rc8 b3 48. Re8+ Kf7 49. Rh8 b2 50. Rxh7+ Kg6 51. Re7 b1Q 52. Ra6+ Nf6 53. h5+ Kf5 54. Kh3 Qf1 0-1

[Event "Alta Padovana op-A 6th"]
[Site "Loreggia"]
[Date "2006.02.26"]
[Round "4.9"]
[White "Gaion, Giancarlo"]
[Black "De Nardi, Riccardo"]
[Result "1/2-1/2"]
[WhiteElo "1850"]
[BlackElo "1933"]
[PlyCount "59"]
[EventDate "2006.02.24"]
[EventType "swiss"]
[EventRounds "5"]
[EventCountry "ITA"]
[SourceTitle "EXT 2024"]
[Source "ChessBase"]
[SourceDate "2023.10.10"]
[SourceVersion "1"]
[SourceVersionDate "2023.10.10"]
[SourceQuality "1"]

1. Nf3 Nf6 2. d4 g6 3. c4 Bg7 4. Nc3 0-0 5. e4 d6 6. Be2 a5 7. 0-0 Nbd7 8. Qc2 e5 9. dxe5 Nxe5 10. Nxe5 dxe5 11. Rd1 Qe7 12. Bg5 Be6 13. Nd5 Bxd5 14. cxd5 Qd6 15. Be3 Nd7 16. Rac1 Rfc8 17. Bg4 Bf8 18. Qa4 Rd8 19. Rd3 b6 20. Rc6 Qb4 21. Qxb4 axb4 22. Rxc7 Rxa2 23. g3 Nc5 24. Bxc5 bxc5 25. b3 Ra6 26. Rf3 Ra1+ 27. Kg2 h5 28. Bc8 Bd6 29. Rc6 Kf8 30. h4 1/2-1/2

[Event "Alta Padovana op-A 6th"]
[Site "Loreggia"]
[Date "2006.02.26"]
[Round "5.9"]
[White "Gaion, Giancarlo"]
[Black "Quaranta, Cristiano"]
[Result "0-1"]
[WhiteElo "1850"]
[BlackElo "2024"]
[PlyCount "34"]
[EventDate "2006.02.24"]
[EventType "swiss"]
[EventRounds "5"]
[EventCountry "ITA"]
[SourceTitle "EXT 2024"]
[Source "ChessBase"]
[SourceDate "2023.10.10"]
[SourceVersion "1"]
[SourceVersionDate "2023.10.10"]
[SourceQuality "1"]

1. Nf3 Nf6 2. d4 d5 3. e3 g6 4. Bd3 Bg7 5. Nbd2 0-0 6. 0-0 Nbd7 7. c3 b6 8. Re1 Bb7 9. Qc2 c5 10. dxc5 Nxc5 11. Nb3 Nxd3 12. Qxd3 Rc8 13. Nbd2 Re8 14. Nf1 e5 15. Qe2 Ne4 16. Bd2 Nc5 17. Rad1 Ba6 0-1